000 00318nam a22001457a 4500
008 210604b ||||| |||| 00| 0 eng d
020 _a9780738086941
041 _aeng
080 _a541
082 _a541
100 _a12
101 _aKIM
245 _aPrinciples of Chemistry
_cDavid J. Malik
942 _2udc
_cBK
999 _c57965
_d57965